| 000 | 01538nam a2200337 c 4500 | ||
|---|---|---|---|
| 999 |
_c182255 _d182255 |
||
| 003 | BLK | ||
| 005 | 20221015154838.0 | ||
| 008 | 180411b bul|||||r ||||||| ||bul|| | ||
| 010 | _aKNG00191178000 | ||
| 040 | _aBLK | ||
| 041 |
_aBUL _cBUL |
||
| 080 |
_aМетодика. Спортни тренировки. Спортни резултати _b796.015 _x(072) _z796.015(072) |
||
| 100 | 1 |
_aГуревич, Йосиф Александрович _eпърви автор _9342868 |
|
| 139 |
_aГуревич, Йосиф Александрович _bГ 93 |
||
| 245 | 1 | 0 |
_aКръговата тренировка при развиване на физическите качества _bМетод. ръководство _cЙосиф Александрович Гуревич; прев. от рус. Васил Радулов. |
| 257 | _aSUN | ||
| 260 |
_bМедицина и физкултура _c1989 _aСофия |
||
| 300 |
_a244 с. _bс ил. _c27 см |
||
| 380 | _a79 | ||
| 500 | _aОриг. загл. Круговая тренировка при развитии физических качеств. | ||
| 650 | 4 |
_aСпортна тренировка _9282573 |
|
| 650 | 4 |
_aФизическа култура _9297175 |
|
| 653 | _aспортни тренировки | ||
| 653 | _aспорт | ||
| 700 | 1 |
_aРадулов, Васил _eпрев. от рус. _9383271 |
|
| 852 | _aЦб ІІ 7420 | ||
| 856 | 4 | _qpdf | |
| 856 | 4 | _qpdf | |
| 942 |
_cKNG _n0 _04 _s1 |
||
| 944 |
_aCR _c30.09.2016 _kКамелия_Данева |
||
| 944 |
_aED _c30.09.2016 _kКамелия_Данева |
||
| 999 | _d182255 | ||